[Event "Hull 4NCL Congress 2023"]
[Site "Canham Turner Centre, Hull HU6 7RX"]
[Date "2023.09.10"]
[Round "4"]
[Board "3"]
[White "Milson, Neil"]
[Black "Fisher, Neal"]
[Result "0-1"]
[WhiteElo "1555"]
[BlackElo "1676"]
[PlyCount "34"]
[EventDate "2023.09.08"]
[EventRounds "5"]
[EventCountry "ENG"]

1. e4 e5 2. Nf3 Nc6 3. Bb5 d6 4. d4 exd4 5. Nxd4 Bd7 6. Nxc6 bxc6 7. Bc4 Nf6 8. O-O
Be7 9. Nc3 O-O 10. f4 Bg4 11. Be2 Bxe2 12. Qxe2 Qc8 13. f5 Nd7 14. Qf3 Ne5 15. Qg3
Bf6 16. Bg5 Qd8 17. Qf4 Bxg5  0-1

[Event "Hull 4NCL Congress 2023"]
[Site "Canham Turner Centre, Hull HU6 7RX"]
[Date "2023.09.10"]
[Round "4"]
[Board "4"]
[White "Grice, Alec"]
[Black "Duffell, Andrew"]
[Result "0-1"]
[WhiteElo "1638"]
[BlackElo "1567"]
[PlyCount "64"]
[EventDate "2023.09.08"]
[EventRounds "5"]
[EventCountry "ENG"]

1. e4 c5 2. Nf3 e6 3. c3 d5 4. Bb5+ Bd7 5. Bxd7+ Qxd7 6. e5 Nc6 7. O-O Nge7 8. d4
Ng6 9. Re1 Be7 10. Be3 c4 11. Nbd2 O-O 12. Nf1 f6 13. exf6 Bxf6 14. Ng3 Rae8 15.
Nh5 Bd8 16. b3 b5 17. a4 b4 18. bxc4 dxc4 19. Qe2 Qd5 20. Ng3 e5 21. Red1 Nf4 22.
Qf1 e4 23. Nd2 Nd3 24. cxb4 Ncxb4 25. Rab1 c3 26. Rxb4 Nxb4 27. Ndxe4 Rxe4 28. Rb1
Rxe3 29. Rxb4 c2 30. Rb5 Qa2 31. Rc5 Qb1 32. Nf5 Re1  0-1

[Event "Hull 4NCL Congress 2023"]
[Site "Canham Turner Centre, Hull HU6 7RX"]
[Date "2023.09.10"]
[Round "4"]
[Board "5"]
[White "Hambly, Neil"]
[Black "Oliver, Bruce R"]
[Result "1-0"]
[WhiteElo "1537"]
[BlackElo "1629"]
[PlyCount "77"]
[EventDate "2023.09.08"]
[EventRounds "5"]
[EventCountry "ENG"]

1. Nc3 g6 2. g3 Bg7 3. d4 e6 4. Nf3 b6 5. Bg2 Bb7 6. O-O Ne7 7. e4 d6 8. Bg5 h6 9.
Be3 Nd7 10. Qd2 a6 11. Rad1 b5 12. Rfe1 b4 13. Na4 Bxe4 14. c4 a5 15. b3 Bc6 16.
Nb2 Nf5 17. d5 Bc3 18. dxc6 Bxd2 19. cxd7+ Qxd7 20. Rxd2 Nxe3 21. Rxe3 Rc8 22. Ne5
Qe7 23. Nc6 Qg5 24. Nd3 h5 25. h4 Qf6 26. Rde2 Qa1+ 27. Kh2 Qf6 28. Nf4 Kf8 29. Nxe6+
Kg8 30. Ng5 Rf8 31. Bd5 Kg7 32. Rf3 Qa1 33. Re7 Qxa2 34. Nxf7 Re8 35. Nxh8+ Rxe7
36. Nxe7 Kxh8 37. Rf7 Qxb3 38. Nxg6+ Kg8 39. Rxc7#  1-0

[Event "Hull 4NCL Congress 2023"]
[Site "Canham Turner Centre, Hull HU6 7RX"]
[Date "2023.09.10"]
[Round "4"]
[Board "6"]
[White "Egan, William J"]
[Black "Joseph, Tomy"]
[Result "1-0"]
[WhiteElo "1605"]
[BlackElo "1559"]
[PlyCount "99"]
[EventDate "2023.09.08"]
[EventRounds "5"]
[EventCountry "ENG"]

1. d4 d5 2. Bf4 Nf6 3. e3 c5 4. c3 Nc6 5. Bd3 Qb6 6. Qb3 c4 7. Qxb6 axb6 8. Bc2 g6
9. Nd2 Bg7 10. h3 O-O 11. Ngf3 Re8 12. O-O Nd7 13. e4 dxe4 14. Bxe4 b5 15. a3 e5
16. dxe5 Ndxe5 17. Rfe1 Nxf3+ 18. Nxf3 Be6 19. Ng5 Bd7 20. Rad1 Bc8 21. Bd5 Rxe1+
22. Rxe1 Be6 23. Bxe6 fxe6 24. Rxe6 h6 25. Nf3 g5 26. Be3 Rd8 27. Nd2 Kf7 28. Re4
Kf6 29. f4 Kf5 30. g4+ Kf6 31. f5 Rd3 32. Kf2 Bf8 33. Ke2 Kf7 34. Nf3 Bxa3 35. bxa3
Rxc3 36. Bc5 Rb3 37. Re3 c3 38. Kd3 b4 39. Ne5+ Nxe5+ 40. Rxe5 bxa3 41. Re1 a2 42.
Ra1 c2+ 43. Kxc2 Rxh3 44. Rxa2 Rh2+ 45. Kb3 Rxa2 46. Kxa2 h5 47. gxh5 g4 48. h6 Kg8
49. f6 g3 50. h7+  1-0

[Event "Hull 4NCL Congress 2023"]
[Site "Canham Turner Centre, Hull HU6 7RX"]
[Date "2023.09.10"]
[Round "4"]
[Board "9"]
[White "Szydlowski, Sebastien"]
[Black "Black, Ewan"]
[Result "1-0"]
[WhiteElo "1585"]
[BlackElo "1528"]
[PlyCount "47"]
[EventDate "2023.09.08"]
[EventRounds "5"]
[EventCountry "ENG"]

1. b3 e5 2. Bb2 Nc6 3. e3 d6 4. Bb5 Bd7 5. Nf3 Be7 6. d3 a6 7. Bxc6 Bxc6 8. Nbd2
Nf6 9. O-O Qd7 10. c4 O-O-O 11. c5 g5 12. cxd6 Bxd6 13. Nxe5 Bxe5 14. Bxe5 Qd5 15.
Nf3 g4 16. Bxf6 gxf3 17. Bxd8 Rg8 18. g3 Qh5 19. Bh4 Qg4 20. Kh1 Re8 21. Rc1 Rxe3
22. Rxc6 Qh3 23. Rxc7+ Kxc7 24. Rg1  1-0

[Event "Hull 4NCL Congress 2023"]
[Site "Canham Turner Centre, Hull HU6 7RX"]
[Date "2023.09.10"]
[Round "4"]
[Board "12"]
[White "Dunn, Giles"]
[Black "Tomy, Jake"]
[Result "0-1"]
[WhiteElo "1668"]
[BlackElo "1578"]
[PlyCount "56"]
[EventDate "2023.09.08"]
[EventRounds "5"]
[EventCountry "ENG"]

1. d4 d5 2. c4 e6 3. Nc3 c5 4. e3 Nf6 5. Nf3 Nc6 6. a3 cxd4 7. exd4 Be7 8. Bf4 a6
9. cxd5 Nxd5 10. Bg3 O-O 11. Be2 Bf6 12. O-O Qb6 13. Na4 Qa7 14. Nc5 Nxd4 15. Nxd4
Qxc5 16. Nb3 Qb6 17. Rb1 Bd7 18. Bf3 Ba4 19. Qd3 Qxb3 20. Qe4 Qc2 21. Qg4 Bb5 22.
Rfc1 Qg6 23. Qh3 Bd3 24. Ra1 Bxb2 25. Rd1 Bxa1 26. Rxa1 Bf5 27. Qh4 Qf6 28. Qa4 Qxa1+
 0-1

[Event "Hull 4NCL Congress 2023"]
[Site "Canham Turner Centre, Hull HU6 7RX"]
[Date "2023.09.10"]
[Round "4"]
[Board "13"]
[White "Sloan, Cecil"]
[Black "Lukauskas, Modestas"]
[Result "1-0"]
[WhiteElo "1664"]
[BlackElo "1471"]
[PlyCount "29"]
[EventDate "2023.09.08"]
[EventRounds "5"]
[EventCountry "ENG"]

1. e4 c6 2. d4 d5 3. exd5 cxd5 4. Bd3 h6 5. Bf4 Nf6 6. c3 e6 7. Nf3 Nc6 8. O-O Be7
9. Nbd2 g5 10. Bg3 Bd6 11. Qe2 Bxg3 12. fxg3 Bd7 13. Rae1 Qe7 14. Ne5 Nxe5 15. Qxe5
 1-0

[Event "Hull 4NCL Congress 2023"]
[Site "Canham Turner Centre, Hull HU6 7RX"]
[Date "2023.09.10"]
[Round "4"]
[Board "14"]
[White "Buckell, David J"]
[Black "Johnson, Stanley"]
[Result "1/2-1/2"]
[WhiteElo "1648"]
[BlackElo "1410"]
[PlyCount "72"]
[EventDate "2023.09.08"]
[EventRounds "5"]
[EventCountry "ENG"]

1. Nf3 Nf6 2. c4 e6 3. d4 b6 4. e3 Bb7 5. Bd3 d5 6. O-O Be7 7. Nc3 Nbd7 8. Qe2 O-O
9. e4 dxe4 10. Nxe4 Nxe4 11. Bxe4 Bxe4 12. Qxe4 Nf6 13. Qc2 c5 14. Rd1 Qc7 15. Bg5
h6 16. Bh4 Rfd8 17. Bg3 Bd6 18. Bxd6 Rxd6 19. dxc5 Qxc5 20. Rxd6 Qxd6 21. Rd1 Qc7
22. Qe2 Rd8 23. b3 Rxd1+ 24. Qxd1 Qd7 25. Qxd7 Nxd7 26. Nd4 a6 27. Kf1 Nc5 28. Ke2
Ne4 29. g3 Kf8 30. f3 Nd6 31. Kd3 Ke8 32. b4 Kd7 33. a4 e5 34. Nb3 Nb7 35. c5 bxc5
36. Nxc5+ Nxc5+  1/2-1/2

[Event "Hull 4NCL Congress 2023"]
[Site "Canham Turner Centre, Hull HU6 7RX"]
[Date "2023.09.10"]
[Round "4"]
[Board "15"]
[White "Slegg, Gary"]
[Black "Smith, Adam"]
[Result "1-0"]
[WhiteElo "1553"]
[BlackElo "1623"]
[PlyCount "103"]
[EventDate "2023.09.08"]
[EventRounds "5"]
[EventCountry "ENG"]

1. e4 c6 2. Nc3 d5 3. d4 Nf6 4. e5 Nfd7 5. e6 fxe6 6. Qh5+ g6 7. Qg5 Qb6 8. Nf3 Bg7
9. Qe3 e5 10. Nxe5 Nxe5 11. dxe5 Qxe3+ 12. Bxe3 Bxe5 13. Bh6 Bf5 14. Bd3 Nd7 15.
Kd2 Nc5 16. Rab1 Rg8 17. Ne2 Nxd3 18. cxd3 Bf6 19. h4 e5 20. Ng3 O-O-O 21. Nxf5 gxf5
22. g3 Rg4 23. Bg5 Bxg5+ 24. hxg5 Rd7 25. Rh5 Rg7 26. Rbh1 R4xg5 27. Rxg5 Rxg5 28.
Rxh7 Rg4 29. Rf7 Rg5 30. Ke2 a5 31. a4 Kb8 32. f4 exf4 33. gxf4 Rg2+ 34. Ke3 Rxb2
35. Rxf5 Rb4 36. Re5 Rxa4 37. f5 Rh4 38. f6 Rh8 39. f7 Rh3+ 40. Kf4 Rh4+ 41. Kg3
Rd4 42. f8=Q+ Kc7 43. Re7+ Kb6 44. Qd8+ Kc5 45. Qxa5+ Kd6 46. Qc7+ Kc5 47. Qxb7 Rxd3+
48. Kf4 Rd4+ 49. Ke3 Rb4 50. Qa7+ Kc4 51. Rb7 d4+ 52. Qxd4+  1-0

[Event "Hull 4NCL Congress 2023"]
[Site "Canham Turner Centre, Hull HU6 7RX"]
[Date "2023.09.10"]
[Round "4"]
[Board "16"]
[White "Garner, Luke"]
[Black "Hara, R Malcolm"]
[Result "1-0"]
[WhiteElo "1387"]
[BlackElo "1616"]
[PlyCount "81"]
[EventDate "2023.09.08"]
[EventRounds "5"]
[EventCountry "ENG"]

1. e4 c5 2. c3 g6 3. Nf3 Bg7 4. d4 cxd4 5. cxd4 d5 6. e5 e6 7. Bb5+ Bd7 8. Nc3 Nc6
9. O-O Nge7 10. Bg5 Rc8 11. Rc1 a6 12. Bxc6 Rxc6 13. b4 O-O 14. Qb3 h6 15. Bxe7 Qxe7
16. Rc2 Rfc8 17. Rfc1 Bf8 18. a3 Rc4 19. Nd1 Rxc2 20. Rxc2 Qd8 21. Kf1 Bb5+ 22. Ke1
Bc4 23. Qc3 b5 24. Ne3 Kh7 25. Ng4 Bg7 26. Qe3 Qe7 27. Qf4 Rf8 28. Nf6+ Bxf6 29.
exf6 Qd8 30. g4 Qb8 31. Qxb8 Rxb8 32. Ne5 Rb7 33. f4 Rc7 34. h4 Rb7 35. Kf2 Rc7 36.
Kg3 Rb7 37. Rf2 Rc7 38. f5 g5 39. hxg5 hxg5 40. fxe6 fxe6 41. f7  1-0

[Event "Hull 4NCL Congress 2023"]
[Site "Canham Turner Centre, Hull HU6 7RX"]
[Date "2023.09.10"]
[Round "4"]
[Board "17"]
[White "Scorer, David M"]
[Black "Virgos Matilla, Luis"]
[Result "0-1"]
[WhiteElo "1452"]
[BlackElo "1491"]
[PlyCount "64"]
[EventDate "2023.09.08"]
[EventRounds "5"]
[EventCountry "ENG"]

1. d4 Nf6 2. Nf3 e6 3. Bf4 b6 4. e3 Bb7 5. Bd3 h6 6. Nbd2 d6 7. O-O Nbd7 8. Qe2 a5
9. e4 Be7 10. Rfe1 O-O 11. c3 Nh5 12. Bg3 Nxg3 13. hxg3 Bf6 14. Rad1 e5 15. dxe5
Nxe5 16. Nxe5 dxe5 17. Nf3 Qe7 18. Bc4 c6 19. a3 b5 20. Bb3 a4 21. Bc2 Ba6 22. Qe3
Rab8 23. Rd2 Rfd8 24. Red1 Rxd2 25. Rxd2 Bc8 26. Qe2 Be6 27. Qd1 Bg4 28. Rd6 Rc8
29. Qd2 Qc7 30. Rxf6 gxf6 31. Qxh6 Bxf3 32. gxf3 Qd6  0-1

[Event "Hull 4NCL Congress 2023"]
[Site "Canham Turner Centre, Hull HU6 7RX"]
[Date "2023.09.10"]
[Round "4"]
[Board "18"]
[White "Scotter, John"]
[Black "Patel, Diah"]
[Result "1-0"]
[WhiteElo "1526"]
[BlackElo "1455"]
[PlyCount "95"]
[EventDate "2023.09.08"]
[EventRounds "5"]
[EventCountry "ENG"]

1. d4 d5 2. c4 Nf6 3. e3 e6 4. Nc3 g6 5. Nf3 Bg7 6. Be2 O-O 7. O-O Nc6 8. a3 h6 9.
b4 g5 10. h3 Nh7 11. Bb2 f5 12. b5 Na5 13. Ne5 Bxe5 14. dxe5 Nxc4 15. Bxc4 dxc4 16.
Qh5 g4 17. hxg4 fxg4 18. Qxg4+ Ng5 19. f4 Rf5 20. e4 Qd4+ 21. Kh1 Rf7 22. Rad1 Qe3
23. fxg5 hxg5 24. Rxf7 Kxf7 25. Qf3+ Qxf3 26. gxf3 b6 27. Kg2 Bb7 28. Rd7+ Kg6 29.
Rxc7 Rd8 30. Rxb7 Rd2+ 31. Kg3 Rxb2 32. Rxa7 Rb3 33. Ne2 Rxb5 34. Rb7 Rb2 35. Nd4
c3 36. Rc7 Rd2 37. Rc4 Rd3 38. Nb5 c2 39. Rxc2 Rb3 40. a4 Kh5 41. Rc6 Rb4 42. Rxe6
Rb3 43. Rxb6 g4 44. Rf6 gxf3 45. Rxf3 Rb4 46. Kf4 Rxa4 47. Kf5 Ra8 48. Rh3#  1-0

[Event "Hull 4NCL Congress 2023"]
[Site "Canham Turner Centre, Hull HU6 7RX"]
[Date "2023.09.10"]
[Round "5"]
[Board "1"]
[White "Lukauskas, Rojus"]
[Black "Sharma, Devesh"]
[Result "1/2-1/2"]
[WhiteElo "1614"]
[BlackElo "1494"]
[PlyCount "41"]
[EventDate "2023.09.08"]
[EventRounds "5"]
[EventCountry "ENG"]

1. e4 c5 2. Nf3 d6 3. d4 cxd4 4. Nxd4 Nf6 5. Nc3 e6 6. Be3 Be7 7. Be2 O-O 8. O-O
Nc6 9. f4 a6 10. a4 Nxd4 11. Bxd4 b6 12. Bd3 Bb7 13. Qe1 Rc8 14. Qf2 Nd7 15. Qg3
f6 16. e5 dxe5 17. fxe5 f5 18. Be3 Kh8 19. Ne2 Nc5 20. Nd4 Qd7 21. Rad1  1/2-1/2

[Event "Hull 4NCL Congress 2023"]
[Site "Canham Turner Centre, Hull HU6 7RX"]
[Date "2023.09.10"]
[Round "5"]
[Board "2"]
[White "Fisher, Neal"]
[Black "Hambly, Neil"]
[Result "1-0"]
[WhiteElo "1676"]
[BlackElo "1537"]
[PlyCount "101"]
[EventDate "2023.09.08"]
[EventRounds "5"]
[EventCountry "ENG"]

1. e4 b6 2. d4 e6 3. Bf4 Bb7 4. Bd3 Nf6 5. Nd2 h6 6. Ngf3 Be7 7. c3 d6 8. Qc2 a6
9. e5 Nh5 10. Bg3 Nxg3 11. hxg3 b5 12. Be4 d5 13. Bd3 c5 14. Be2 O-O 15. Nh4 cxd4
16. cxd4 Bb4 17. O-O Nc6 18. Nhf3 Rc8 19. Qd3 Bxd2 20. Qxd2 f6 21. b4 fxe5 22. dxe5
Qe7 23. a3 Nd8 24. Nh4 Qg5 25. Qb2 Nf7 26. Nf3 Qd8 27. Rac1 Qb6 28. Rxc8 Rxc8 29.
Bd3 Qc7 30. Bg6 Qc3 31. Bxf7+ Kxf7 32. Qe2 Qxa3 33. Nh4 Ke8 34. Qh5+ Kd7 35. Qf7+
Kd8 36. Qf8+ Kd7 37. Qd6+ Ke8 38. Ng6 Kf7 39. Nf4 Re8 40. Qb6 Re7 41. Qc5 a5 42.
Qxb5 axb4 43. Rb1 Ba6 44. Qb6 Bc4 45. Rxb4 Qc1+ 46. Kh2 Qc3 47. Qd6 Ba6 48. Rb6 Bc8
49. Rc6 Qb3 50. Rxc8 g5 51. Qd8  1-0

[Event "Hull 4NCL Congress 2023"]
[Site "Canham Turner Centre, Hull HU6 7RX"]
[Date "2023.09.10"]
[Round "5"]
[Board "5"]
[White "Weller, Colin"]
[Black "Thrower, Steve J"]
[Result "1-0"]
[WhiteElo "1599"]
[BlackElo "1456"]
[PlyCount "67"]
[EventDate "2023.09.08"]
[EventRounds "5"]
[EventCountry "ENG"]

1. e4 e5 2. Nf3 d6 3. d3 Be7 4. Be2 Nf6 5. h3 h6 6. Nbd2 Be6 7. b3 Nc6 8. Bb2 a6
9. a3 O-O 10. O-O Qd7 11. Kh2 Nh7 12. g4 Ng5 13. Ng1 Nd4 14. Bxd4 exd4 15. f4 Nh7
16. f5 Bxf5 17. exf5 d5 18. Ndf3 g6 19. Nxd4 gxf5 20. Nxf5 Bg5 21. h4 Bf6 22. Nxh6+
Kh8 23. Rxf6 Nxf6 24. Nf5 Rfe8 25. Qd2 Rxe2+ 26. Qxe2 Re8 27. Qf3 Qe6 28. Kh3 Rg8
29. g5 Nh7 30. Rf1 f6 31. gxf6 Nxf6 32. Ne2 Ng4 33. Neg3 Nh6 34. Qh5  1-0

[Event "Hull 4NCL Congress 2023"]
[Site "Canham Turner Centre, Hull HU6 7RX"]
[Date "2023.09.10"]
[Round "5"]
[Board "8"]
[White "Joseph, Tomy"]
[Black "Sloan, Cecil"]
[Result "1/2-1/2"]
[WhiteElo "1559"]
[BlackElo "1664"]
[PlyCount "64"]
[EventDate "2023.09.08"]
[EventRounds "5"]
[EventCountry "ENG"]

1. e4 c5 2. Nf3 Nc6 3. c3 d5 4. exd5 Qxd5 5. d4 cxd4 6. cxd4 e6 7. Nc3 Bb4 8. Bd2
Bxc3 9. Bxc3 Nf6 10. Be2 O-O 11. O-O Bd7 12. a3 Ne4 13. Be1 Rac8 14. Rc1 Ne7 15.
Bb4 Rxc1 16. Qxc1 Rc8 17. Qf4 Ng6 18. Qe3 Nd6 19. Rc1 Nf5 20. Rxc8+ Bxc8 21. Qc1
Qd8 22. Bd3 b6 23. Bxf5 exf5 24. g3 Bb7 25. Qe3 h6 26. Bc3 Qd5 27. Kg2 f4 28. Qe2
fxg3 29. fxg3 Ne7 30. Kf2 Nf5 31. g4 Nd6 32. Nd2 Qg2+  1/2-1/2

[Event "Hull 4NCL Congress 2023"]
[Site "Canham Turner Centre, Hull HU6 7RX"]
[Date "2023.09.10"]
[Round "5"]
[Board "9"]
[White "Slegg, Gary"]
[Black "Grice, Alec"]
[Result "1/2-1/2"]
[WhiteElo "1553"]
[BlackElo "1638"]
[PlyCount "37"]
[EventDate "2023.09.08"]
[EventRounds "5"]
[EventCountry "ENG"]

1. e4 c5 2. d4 cxd4 3. c3 dxc3 4. Nxc3 e6 5. Nf3 a6 6. Bc4 Nc6 7. O-O Nge7 8. Qe2
g6 9. Bf4 Bg7 10. Rfd1 O-O 11. Bd6 h6 12. a3 Re8 13. Rac1 b5 14. Ba2 Qb6 15. Bxe7
Nxe7 16. e5 Rd8 17. Rd6 Qb8 18. Nd4 Bb7 19. Rd1  1/2-1/2

[Event "Hull 4NCL Congress 2023"]
[Site "Canham Turner Centre, Hull HU6 7RX"]
[Date "2023.09.10"]
[Round "5"]
[Board "10"]
[White "Oliver, Bruce R"]
[Black "Milson, Neil"]
[Result "1-0"]
[WhiteElo "1629"]
[BlackElo "1555"]
[PlyCount "93"]
[EventDate "2023.09.08"]
[EventRounds "5"]
[EventCountry "ENG"]

1. Nf3 Nf6 2. g3 d5 3. Bg2 Nc6 4. O-O e5 5. d3 Be7 6. Nbd2 O-O 7. Re1 Ng4 8. h3 Nf6
9. e4 dxe4 10. dxe4 Be6 11. Ng5 Qd7 12. Qe2 h6 13. Nxe6 Qxe6 14. c3 a6 15. Nf1 Bc5
16. Be3 Bxe3 17. Nxe3 Rad8 18. Nd5 Qc8 19. f4 exf4 20. gxf4 Rfe8 21. Nxf6+ gxf6 22.
Qh5 Kg7 23. Re3 Re7 24. h4 Rh8 25. Bh3 Qe8 26. Rg3+ Kf8 27. Qg4 Rxe4 28. Qg7+ Ke7
29. Rd1 Qf8 30. Rd7+ Ke8 31. Qxf8+ Rxf8 32. Rxc7 Rxf4 33. Re3+ Ne5 34. Rxb7 Rg8+
35. Kh1 Kf8 36. Rb8+ Kg7 37. Rg3+ Ng6 38. Rxg8+ Kxg8 39. h5 Kh7 40. hxg6+ fxg6 41.
Re3 h5 42. Re6 g5 43. Rxa6 g4 44. Bg2 h4 45. a4 h3 46. Bxh3 gxh3 47. a5  1-0

[Event "Hull 4NCL Congress 2023"]
[Site "Canham Turner Centre, Hull HU6 7RX"]
[Date "2023.09.10"]
[Round "5"]
[Board "11"]
[White "Atkinson, Richard"]
[Black "Garner, Luke"]
[Result "1-0"]
[WhiteElo "1556"]
[BlackElo "1387"]
[PlyCount "81"]
[EventDate "2023.09.08"]
[EventRounds "5"]
[EventCountry "ENG"]

1. d4 d5 2. Bf4 Nc6 3. Nf3 Nf6 4. Nbd2 Bg4 5. c3 e6 6. h3 Bxf3 7. Nxf3 Bd6 8. Bg5
h6 9. Bxf6 Qxf6 10. e3 O-O-O 11. Qc2 e5 12. O-O-O e4 13. Nh2 Rhf8 14. Re1 Qe7 15.
f4 g5 16. g3 gxf4 17. gxf4 Rg8 18. Ng4 Qh4 19. Bb5 Ne7 20. Qa4 c6 21. Be2 Kb8 22.
Qb3 Rd7 23. Ne5 Bxe5 24. fxe5 h5 25. c4 Rc8 26. c5 Rg8 27. Kd1 Nf5 28. a4 Ng3 29.
Reg1 Rg6 30. Rh2 Nxe2 31. Rxg6 fxg6 32. Kxe2 Qg3 33. Rf2 Qxh3 34. Qd1 Qg4+ 35. Kd2
Qxd1+ 36. Kxd1 Kc7 37. a5 b6 38. e6 Re7 39. Rf7 Kd8 40. Rxe7 Kxe7 41. cxb6  1-0

[Event "Hull 4NCL Congress 2023"]
[Site "Canham Turner Centre, Hull HU6 7RX"]
[Date "2023.09.10"]
[Round "5"]
[Board "12"]
[White "Weldon, James"]
[Black "Buckell, David J"]
[Result "0-1"]
[WhiteElo "1469"]
[BlackElo "1648"]
[PlyCount "68"]
[EventDate "2023.09.08"]
[EventRounds "5"]
[EventCountry "ENG"]

1. e4 d6 2. Nc3 Nf6 3. d3 g6 4. Be2 Bg7 5. h4 h5 6. Bf4 c5 7. e5 dxe5 8. Bxe5 Nc6
9. Bf4 Nd4 10. Be5 O-O 11. Nf3 Nxe2 12. Qxe2 a6 13. Qe3 b6 14. Bf4 Bb7 15. Bh6 Ng4
16. Qe2 Nxh6 17. O-O e6 18. Rad1 Qc7 19. d4 cxd4 20. Ne4 e5 21. Nfg5 Qc6 22. f3 Nf5
23. Rc1 Nxh4 24. c3 Qd7 25. Rfd1 Qe7 26. c4 f5 27. Qf2 fxe4 28. Qxh4 Bf6 29. Rc2
Bxg5 30. Qg3 exf3 31. Rf1 Be3+ 32. Rcf2 Kh7 33. Re1 e4 34. Rxe3 dxe3  0-1

[Event "Hull 4NCL Congress 2023"]
[Site "Canham Turner Centre, Hull HU6 7RX"]
[Date "2023.09.10"]
[Round "5"]
[Board "13"]
[White "Johnson, Stanley"]
[Black "Scotter, John"]
[Result "0-1"]
[WhiteElo "1410"]
[BlackElo "1526"]
[PlyCount "60"]
[EventDate "2023.09.08"]
[EventRounds "5"]
[EventCountry "ENG"]

1. d4 d5 2. c4 e6 3. Nc3 Nf6 4. Nf3 Be7 5. e3 c5 6. Bd3 O-O 7. O-O Nc6 8. Qb3 Z0
9. a3 dxc4 10. Bxc4 cxd4 11. exd4 Nd5 12. Bd3 Bf6 13. Qc2 g6 14. Be3 a6 15. Ne4 Nxe3
16. fxe3 Bg7 17. Qf2 Ne7 18. Nfg5 Nf5 19. g4 Nxe3 20. Nxf7 Bxd4 21. Nxd8 Rxf2 22.
Rxf2 Nxg4 23. Raf1 Nxf2 24. Nxf2 Bd7 25. Nxb7 a5 26. Nd6 Rb8 27. Nde4 Rxb2 28. Rc1
Kf7 29. Rc7 Ke7 30. Rc4 Bb6  0-1

[Event "Hull 4NCL Congress 2023"]
[Site "Canham Turner Centre, Hull HU6 7RX"]
[Date "2023.09.10"]
[Round "5"]
[Board "15"]
[White "Hara, R Malcolm"]
[Black "Dunn, Giles"]
[Result "1/2-1/2"]
[WhiteElo "1616"]
[BlackElo "1668"]
[PlyCount "66"]
[EventDate "2023.09.08"]
[EventRounds "5"]
[EventCountry "ENG"]

1. Nf3 d5 2. d4 c5 3. c3 Nc6 4. Bf4 Bf5 5. e3 Nf6 6. Bb5 Qb6 7. Qe2 e6 8. O-O cxd4
9. Nxd4 Bg6 10. a4 a6 11. a5 Qd8 12. Nxc6 bxc6 13. Bxc6+ Nd7 14. Bxa8 Qxa8 15. b4
Be7 16. Nd2 O-O 17. Rac1 Nf6 18. Rfe1 Bh5 19. f3 Re8 20. Bg5 e5 21. Bxf6 Bxf6 22.
e4 Bh4 23. g3 Bg5 24. Kg2 dxe4 25. Nxe4 Bxc1 26. Rxc1 f5 27. Nd6 Rf8 28. Qc4+ Kh8
29. Rf1 g5 30. Qe6 g4 31. Qxe5+ Kg8 32. Qe6+ Kh8 33. Qe5+ Kg8  1/2-1/2

[Event "Hull 4NCL Congress 2023"]
[Site "Canham Turner Centre, Hull HU6 7RX"]
[Date "2023.09.10"]
[Round "5"]
[Board "16"]
[White "Smith, Adam"]
[Black "Scorer, David M"]
[Result "1-0"]
[WhiteElo "1623"]
[BlackElo "1452"]
[PlyCount "65"]
[EventDate "2023.09.08"]
[EventRounds "5"]
[EventCountry "ENG"]

1. e4 c6 2. Nf3 d5 3. Nc3 dxe4 4. Nxe4 Bf5 5. Qe2 e6 6. Ne5 Nd7 7. Nc4 Bxe4 8. Qxe4
Ngf6 9. Qf3 Be7 10. d3 O-O 11. Bf4 Nd5 12. Bd6 Bxd6 13. Nxd6 Qc7 14. Qg3 N7f6 15.
O-O-O Rad8 16. Ne4 Qxg3 17. hxg3 Nxe4 18. dxe4 Ne7 19. Bd3 g6 20. Rh6 Kg7 21. Rdh1
Rh8 22. g4 Ng8 23. R6h3 Nf6 24. f3 Nd7 25. g5 Ne5 26. Be2 Nd7 27. g4 Nb6 28. b3 Nc8
29. f4 Ne7 30. Bd3 f5 31. gxf6+ Kxf6 32. Rxh7 Rxh7 33. Rxh7  1-0